Social work macro practice (Record no. 2505)

000 -LEADER
fixed length control field 00623nam a22002177a 4500
003 - CONTROL NUMBER IDENTIFIER
control field OSt
005 - DATE AND TIME OF LATEST TRANSACTION
control field 20210713063503.0
008 - FIXED-LENGTH DATA ELEMENTS--GENERAL INFORMATION
fixed length control field 210713b ||||| |||| 00| 0 eng d
020 ## - INTERNATIONAL STANDARD BOOK NUMBER
International Standard Book Number 9780205725687
040 ## - CATALOGING SOURCE
Transcribing agency ALUPE UNIVERSITY
050 ## - LIBRARY OF CONGRESS CALL NUMBER
Classification number HV41
Item number .N348 2012
100 ## - MAIN ENTRY--PERSONAL NAME
Personal name F Ellen Netting
245 ## - TITLE STATEMENT
Title Social work macro practice
250 ## - EDITION STATEMENT
Edition statement 4th ed
260 ## - PUBLICATION, DISTRIBUTION, ETC.
Place of publication, distribution, etc. Boston
Name of publisher, distributor, etc. MA,Pearson/Allyn & Bacon
Date of publication, distribution, etc. ©2010.
300 ## - PHYSICAL DESCRIPTION
Extent 412p
650 ## - SUBJECT ADDED ENTRY--TOPICAL TERM
Source of heading or term Social service -- Practice. Social group work. Macrosociology.
700 ## - ADDED ENTRY--PERSONAL NAME
Personal name ; Peter M Kettner;
700 ## - ADDED ENTRY--PERSONAL NAME
Personal name Steven Lloyd McMurtry
942 ## - ADDED ENTRY ELEMENTS (KOHA)
Source of classification or shelving scheme
Koha item type Book
Suppress in OPAC DO
Holdings
Withdrawn status Lost status Source of classification or shelving scheme Damaged status Not for loan Permanent Location Current Location Shelving location Date acquired Total Checkouts Full call number Barcode Date last seen Price effective from Koha item type Public note
          AU LIBRARY AU LIBRARY Open Shelf 13.07.2021   HV41 .N348 2012 28000316 13.07.2021 13.07.2021 Book DO

Powered by Koha